[Event "ODJM C 2025"]
[Site "Willingen GER"]
[Date "2025.06.12"]
[Round "7"]
[White "Yang, Everest"]
[Black "Kutz, Henning Jasper"]
[Result "1-0"]
[Termination "normal"]
[Board "9"]
[WhiteElo "1629"]
[BlackElo "1552"]
[WhiteClock "00:30:05"]
[BlackClock "00:53:38"]
[PlyCount "91"]
[WhiteFideId "533021570"]
[BlackFideId "34612882"]
[EventCountry "GER"]
[EventRounds "9"]
[EventType "swiss"]
[EventDate "2025.06.07"]

1. e4 {[%clk 01:30:57]} {[%emt 00:00:03]} e5 {[%clk 01:30:54]} {[%emt
00:00:07]} 2. Nf3 {[%clk 01:31:20]} {[%emt 00:00:05]} Nc6 {[%clk 01:31:19]}
{[%emt 00:00:06]} 3. Bc4 {[%clk 01:31:42]} {[%emt 00:00:09]} Bc5 {[%clk
01:31:25]} {[%emt 00:00:23]} 4. d3 {[%clk 01:32:03]} {[%emt 00:00:09]} h6
{[%clk 01:31:38]} {[%emt 00:00:17]} 5. Nc3 {[%clk 01:32:21]} {[%emt 00:00:13]}
Nf6 {[%clk 01:31:59]} {[%emt 00:00:08]} 6. O-O {[%clk 01:32:39]} {[%emt
00:00:11]} O-O {[%clk 01:32:22]} {[%emt 00:00:07]} 7. Be3 {[%clk 01:32:26]}
{[%emt 00:00:44]} Bb6 {[%clk 01:32:13]} {[%emt 00:00:39]} 8. Na4 {[%clk
01:32:08]} {[%emt 00:00:49]} d6 {[%clk 01:31:43]} {[%emt 00:00:58]} 9. h3
{[%clk 01:30:34]} {[%emt 00:02:05]} a6 {[%clk 01:31:22]} {[%emt 00:00:51]} 10.
Nxb6 {[%clk 01:30:37]} {[%emt 00:00:27]} cxb6 {[%clk 01:31:46]} {[%emt
00:00:05]} 11. a4 {[%clk 01:29:05]} {[%emt 00:02:03]} Bd7 {[%clk 01:30:28]}
{[%emt 00:01:48]} 12. c3 {[%clk 01:22:56]} {[%emt 00:06:39]} Qc7 {[%clk
01:27:54]} {[%emt 00:03:04]} 13. Qb3 {[%clk 01:21:54]} {[%emt 00:01:32]} Na5
{[%clk 01:23:08]} {[%emt 00:05:16]} 14. Qxb6 {[%clk 01:20:14]} {[%emt
00:02:10]} Qxb6 {[%clk 01:23:24]} {[%emt 00:00:13]} 15. Bxb6 {[%clk 01:20:37]}
{[%emt 00:00:08]} Nxc4 {[%clk 01:23:48]} {[%emt 00:00:06]} 16. dxc4 {[%clk
01:21:01]} {[%emt 00:00:07]} Nxe4 {[%clk 01:23:13]} {[%emt 00:01:04]} 17. Rfe1
{[%clk 01:18:56]} {[%emt 00:02:34]} Bc6 {[%clk 01:22:34]} {[%emt 00:01:09]} 18.
Re2 {[%clk 01:11:45]} {[%emt 00:07:41]} Nf6 {[%clk 01:21:07]} {[%emt 00:01:57]}
19. Bc7 {[%clk 01:06:36]} {[%emt 00:05:40]} Ne8 {[%clk 01:20:32]} {[%emt
00:01:05]} 20. Bb6 {[%emt 00:00:52]} Rc8 {[%clk 01:19:24]} {[%emt 00:01:34]}
21. Nxe5 {[%clk 01:01:00]} {[%emt 00:05:49]} dxe5 {[%clk 01:18:32]} {[%emt
00:01:21]} 22. Bc5 {[%clk 01:01:14]} {[%emt 00:00:16]} f6 {[%clk 01:14:07]}
{[%emt 00:04:55]} 23. Bxf8 {[%clk 00:58:33]} {[%emt 00:03:11]} Kxf8 {[%clk
01:14:26]} {[%emt 00:00:11]} 24. Rd2 {[%clk 00:49:40]} {[%emt 00:09:23]} Ke7
{[%clk 01:13:57]} {[%emt 00:01:00]} 25. c5 {[%clk 00:49:03]} {[%emt 00:01:06]}
Nc7 {[%clk 01:10:29]} {[%emt 00:03:58]} 26. c4 {[%clk 00:48:04]} {[%emt
00:01:29]} Ne6 {[%clk 01:09:55]} {[%emt 00:01:04]} 27. b4 {[%clk 00:46:48]}
{[%emt 00:01:45]} Nd4 {[%clk 01:08:21]} {[%emt 00:02:04]} 28. Rb2 {[%clk
00:40:25]} {[%emt 00:06:53]} b5 {[%clk 01:06:52]} {[%emt 00:01:59]} 29. cxb6
{[%clk 00:40:04]} {[%emt 00:00:52]} Rb8 {[%clk 01:04:47]} {[%emt 00:02:35]} 30.
a5 {[%clk 00:35:57]} {[%emt 00:04:37]} Kf7 {[%clk 01:00:45]} {[%emt 00:04:32]}
31. Rab1 {[%clk 00:32:18]} {[%emt 00:04:08]} Be4 {[%clk 00:59:04]} {[%emt
00:02:11]} 32. Rc1 {[%clk 00:30:35]} {[%emt 00:02:13]} Bd3 {[%clk 00:57:29]}
{[%emt 00:02:05]} 33. c5 {[%clk 00:29:24]} {[%emt 00:01:42]} Ne2+ {[%clk
00:57:47]} {[%emt 00:00:12]} 34. Rxe2 {[%clk 00:29:48]} {[%emt 00:00:06]} Bxe2
{[%clk 00:58:11]} {[%emt 00:00:06]} 35. c6 {[%clk 00:30:16]} {[%emt 00:00:02]}
Ke6 {[%clk 00:51:48]} {[%emt 00:06:53]} 36. c7 {[%clk 00:28:07]} {[%emt
00:02:39]} Rc8 {[%clk 00:51:48]} {[%emt 00:00:30]} 37. b7 {[%clk 00:28:02]}
{[%emt 00:00:35]} Rxc7 {[%clk 00:52:09]} {[%emt 00:00:10]} 38. Rxc7 {[%clk
00:28:21]} {[%emt 00:00:10]} Bg4 {[%clk 00:52:16]} {[%emt 00:00:22]} 39. hxg4
{[%clk 00:28:37]} {[%emt 00:00:14]} f5 {[%clk 00:52:35]} {[%emt 00:00:11]} 40.
gxf5+ {[%clk 00:28:59]} {[%emt 00:00:08]} Kxf5 {[%clk 00:52:59]} {[%emt
00:00:07]} 41. b8=Q {[%clk 00:29:14]} {[%emt 00:00:14]} g5 {[%clk 00:53:09]}
{[%emt 00:00:20]} 42. Qf8+ {[%clk 00:28:58]} {[%emt 00:00:47]} Kg4 {[%clk
00:52:45]} {[%emt 00:00:53]} 43. Qf3+ {[%clk 00:29:02]} {[%emt 00:00:26]} Kh4
{[%clk 00:53:09]} {[%emt 00:00:06]} 44. Rc4+ {[%clk 00:29:31]} {[%emt
00:00:02]} e4 {[%clk 00:53:22]} {[%emt 00:00:16]} 45. Rxe4+ {[%clk 00:29:45]}
{[%emt 00:00:14]} g4 {[%clk 00:53:38]} {[%emt 00:00:20]} 46. Qxg4# {[%clk
00:30:05]} {[%emt 00:00:10]} 1-0

[Event "ODJM C 2025"]
[Site "Willingen GER"]
[Date "2025.06.12"]
[Round "7"]
[White "Datta, Satadru"]
[Black "Tamke, Quintus"]
[Result "1/2-1/2"]
[Termination "normal"]
[Board "10"]
[WhiteElo "1458"]
[BlackElo "1201"]
[WhiteClock "00:48:25"]
[BlackClock "01:06:38"]
[PlyCount "40"]
[WhiteFideId "34637931"]
[BlackFideId "533015856"]
[EventCountry "GER"]
[EventRounds "9"]
[EventType "swiss"]
[EventDate "2025.06.07"]

1. e4 {[%clk 01:30:49]} {[%emt 00:00:10]} c6 {[%clk 01:30:34]} {[%emt
00:00:26]} 2. d4 {[%clk 01:30:59]} {[%emt 00:00:20]} d5 {[%clk 01:30:39]}
{[%emt 00:00:25]} 3. Nc3 {[%clk 01:31:09]} {[%emt 00:00:20]} dxe4 {[%clk
01:30:46]} {[%emt 00:00:24]} 4. Nxe4 {[%clk 01:31:25]} {[%emt 00:00:13]} Bf5
{[%clk 01:30:47]} {[%emt 00:00:29]} 5. Ng3 {[%clk 01:31:13]} {[%emt 00:00:41]}
Bg6 {[%clk 01:30:49]} {[%emt 00:00:29]} 6. Nf3 {[%clk 01:31:18]} {[%emt
00:00:25]} Nd7 {[%clk 01:30:41]} {[%emt 00:00:38]} 7. h4 {[%clk 01:30:44]}
{[%emt 00:01:04]} h6 {[%clk 01:30:24]} {[%emt 00:00:48]} 8. h5 {[%clk
01:30:33]} {[%emt 00:00:41]} Bh7 {[%clk 01:29:59]} {[%emt 00:00:55]} 9. Bd3
{[%clk 01:30:30]} {[%emt 00:00:32]} Bxd3 {[%clk 01:30:09]} {[%emt 00:00:20]}
10. Qxd3 {[%clk 01:30:39]} {[%emt 00:00:21]} e6 {[%clk 01:30:00]} {[%emt
00:00:39]} 11. c3 {[%emt 00:00:55]} Ngf6 {[%clk 01:29:41]} {[%emt 00:00:47]}
12. Bf4 {[%clk 01:27:29]} {[%emt 00:03:16]} Nd5 {[%clk 01:24:43]} {[%emt
00:05:30]} 13. Bd2 {[%clk 01:25:42]} {[%emt 00:02:16]} b5 {[%clk 01:24:00]}
{[%emt 00:01:14]} 14. a3 {[%clk 01:20:33]} {[%emt 00:05:38]} Bd6 {[%clk
01:23:07]} {[%emt 00:01:22]} 15. Ne4 {[%clk 01:14:55]} {[%emt 00:06:08]} Be7
{[%clk 01:19:47]} {[%emt 00:03:51]} 16. O-O {[%clk 01:11:29]} {[%emt 00:03:54]}
O-O {[%clk 01:19:17]} {[%emt 00:01:00]} 17. Rfe1 {[%clk 01:03:44]} {[%emt
00:08:16]} a6 {[%clk 01:12:14]} {[%emt 00:07:35]} 18. Rad1 {[%clk 00:57:29]}
{[%emt 00:06:43]} Rc8 {[%clk 01:11:08]} {[%emt 00:01:37]} 19. b4 {[%clk
00:48:25]} {[%emt 00:09:33]} a5 {[%clk 01:06:38]} {[%emt 00:05:01]} 20. Ng3
{[%emt 00:32:59]} a4 {[%emt 00:12:50]} 1/2-1/2

[Event "ODJM C 2025"]
[Site "Willingen GER"]
[Date "2025.06.12"]
[Round "7"]
[White "Englert, Ann"]
[Black "Muhl, Justinus"]
[Result "1/2-1/2"]
[Termination "normal"]
[Board "12"]
[WhiteElo "1614"]
[BlackElo "1584"]
[WhiteClock "00:48:40"]
[BlackClock "00:40:28"]
[PlyCount "57"]
[WhiteFideId "34606181"]
[BlackFideId "34635190"]
[EventCountry "GER"]
[EventRounds "9"]
[EventType "swiss"]
[EventDate "2025.06.07"]

1. d4 {[%clk 01:30:58]} {[%emt 00:00:02]} d5 {[%clk 01:30:29]} {[%emt
00:00:31]} 2. c4 {[%clk 01:31:13]} {[%emt 00:00:16]} e6 {[%clk 01:30:25]}
{[%emt 00:00:33]} 3. Nc3 {[%clk 01:31:06]} {[%emt 00:00:38]} Nf6 {[%clk
01:29:58]} {[%emt 00:00:56]} 4. cxd5 {[%clk 01:30:34]} {[%emt 00:01:03]} exd5
{[%clk 01:29:20]} {[%emt 00:01:06]} 5. Bg5 {[%clk 01:29:51]} {[%emt 00:01:13]}
Be7 {[%clk 01:28:55]} {[%emt 00:00:56]} 6. e3 {[%clk 01:28:49]} {[%emt
00:01:33]} O-O {[%clk 01:28:07]} {[%emt 00:01:16]} 7. Bd3 {[%clk 01:28:11]}
{[%emt 00:01:09]} Nbd7 {[%clk 01:26:49]} {[%emt 00:01:48]} 8. Nf3 {[%clk
01:26:00]} {[%emt 00:02:41]} b6 {[%clk 01:24:00]} {[%emt 00:03:19]} 9. O-O
{[%clk 01:24:29]} {[%emt 00:02:02]} h6 {[%clk 01:23:10]} {[%emt 00:01:17]} 10.
Bh4 {[%clk 01:24:14]} {[%emt 00:00:47]} Bb7 {[%clk 01:23:00]} {[%emt 00:00:40]}
11. Rc1 {[%clk 01:23:27]} {[%emt 00:01:17]} c5 {[%clk 01:21:46]} {[%emt
00:01:45]} 12. Bg3 {[%clk 01:19:48]} {[%emt 00:04:09]} c4 {[%clk 01:17:18]}
{[%emt 00:04:58]} 13. Bf5 {[%clk 01:18:04]} {[%emt 00:02:13]} a6 {[%clk
01:05:01]} {[%emt 00:12:48]} 14. a3 {[%clk 01:15:25]} {[%emt 00:03:09]} b5
{[%clk 01:01:48]} {[%emt 00:03:43]} 15. Ne5 {[%clk 01:14:44]} {[%emt 00:01:10]}
Nxe5 {[%clk 01:01:31]} {[%emt 00:00:47]} 16. Bxe5 {[%clk 01:14:47]} {[%emt
00:00:27]} Bd6 {[%clk 00:59:21]} {[%emt 00:02:40]} 17. Bxd6 {[%clk 01:12:35]}
{[%emt 00:02:42]} Qxd6 {[%clk 00:54:02]} {[%emt 00:05:49]} 18. b4 {[%clk
00:59:56]} {[%emt 00:13:10]} Bc8 {[%emt 00:07:55]} 19. Bxc8 {[%clk 00:56:48]}
{[%emt 00:01:15]} Raxc8 {[%clk 00:49:06]} {[%emt 00:00:23]} 20. Qf3 {[%clk
00:55:50]} {[%emt 00:01:25]} Rfe8 {[%clk 00:45:24]} {[%emt 00:04:15]} 21. Qf5
{[%clk 00:53:17]} {[%emt 00:03:00]} Qe6 {[%clk 00:44:06]} {[%emt 00:01:51]} 22.
Qxe6 {[%clk 00:53:22]} {[%emt 00:00:25]} fxe6 {[%clk 00:43:15]} {[%emt
00:01:21]} 23. Rfd1 {[%clk 00:52:22]} {[%emt 00:01:30]} Rf8 {[%clk 00:42:59]}
{[%emt 00:00:47]} 24. h3 {[%clk 00:51:09]} {[%emt 00:01:42]} Kh7 {[%clk
00:42:00]} {[%emt 00:01:29]} 25. Re1 {[%clk 00:49:54]} {[%emt 00:01:44]} Rcd8
{[%clk 00:41:02]} {[%emt 00:01:29]} 26. Ne2 {[%clk 00:48:51]} {[%emt 00:01:33]}
Ne4 {[%clk 00:40:41]} {[%emt 00:00:51]} 27. f3 {[%clk 00:48:59]} {[%emt
00:00:22]} Nd2 {[%clk 00:40:48]} {[%emt 00:00:23]} 28. Nf4 {[%clk 00:48:40]}
{[%emt 00:00:48]} Rf6 {[%clk 00:40:28]} {[%emt 00:00:50]} 29. Rc2 {[%emt
00:01:39]} 1/2-1/2

[Event "ODJM C 2025"]
[Site "Willingen GER"]
[Date "2025.06.12"]
[Round "7"]
[White "Muhl, Jakob"]
[Black "Yan, Jenny"]
[Result "0-1"]
[Termination "normal"]
[Board "13"]
[WhiteElo "1510"]
[BlackElo "1509"]
[WhiteClock "00:48:38"]
[BlackClock "00:54:23"]
[PlyCount "140"]
[WhiteFideId "34635181"]
[BlackFideId "34630376"]
[EventCountry "GER"]
[EventRounds "9"]
[EventType "swiss"]
[EventDate "2025.06.07"]

1. e4 {[%clk 01:30:57]} {[%emt 00:00:03]} c5 {[%clk 01:30:55]} {[%emt
00:00:05]} 2. d4 {[%clk 01:31:14]} {[%emt 00:00:13]} cxd4 {[%clk 01:31:11]}
{[%emt 00:00:15]} 3. c3 {[%clk 01:31:28]} {[%emt 00:00:16]} dxc3 {[%clk
01:31:11]} {[%emt 00:00:30]} 4. Nxc3 {[%clk 01:31:27]} {[%emt 00:00:30]} Nc6
{[%clk 01:30:58]} {[%emt 00:00:44]} 5. Bc4 {[%clk 01:31:31]} {[%emt 00:00:26]}
Nf6 {[%clk 01:30:26]} {[%emt 00:01:02]} 6. Nf3 {[%clk 01:30:37]} {[%emt
00:01:23]} e6 {[%clk 01:29:07]} {[%emt 00:01:49]} 7. Bg5 {[%clk 01:28:29]}
{[%emt 00:02:38]} h6 {[%clk 01:27:58]} {[%emt 00:01:39]} 8. Bh4 {[%clk
01:27:47]} {[%emt 00:01:10]} Be7 {[%clk 01:27:23]} {[%emt 00:01:07]} 9. e5
{[%clk 01:24:51]} {[%emt 00:03:27]} Ng4 {[%clk 01:24:41]} {[%emt 00:03:11]} 10.
Bxe7 {[%clk 01:24:11]} {[%emt 00:01:10]} Qxe7 {[%clk 01:24:55]} {[%emt
00:00:16]} 11. Qe2 {[%clk 01:23:04]} {[%emt 00:01:37]} Qc5 {[%clk 01:20:55]}
{[%emt 00:04:28]} 12. O-O {[%clk 01:18:18]} {[%emt 00:05:18]} Ngxe5 {[%clk
01:19:44]} {[%emt 00:01:41]} 13. Nxe5 {[%clk 01:17:48]} {[%emt 00:00:59]} Qxe5
{[%clk 01:17:53]} {[%emt 00:02:22]} 14. Qe3 {[%clk 01:13:30]} {[%emt 00:04:31]}
Qxe3 {[%clk 01:17:56]} {[%emt 00:00:45]} 15. fxe3 {[%clk 01:13:50]} {[%emt
00:00:09]} d5 {[%clk 01:17:28]} {[%emt 00:00:58]} 16. Bb5 {[%clk 01:12:14]}
{[%emt 00:02:03]} Bd7 {[%clk 01:16:30]} {[%emt 00:01:31]} 17. e4 {[%clk
01:08:03]} {[%emt 00:04:41]} d4 {[%clk 01:11:44]} {[%emt 00:05:16]} 18. Na4
{[%clk 01:06:31]} {[%emt 00:02:02]} Ne5 {[%clk 01:07:56]} {[%emt 00:04:17]} 19.
Bxd7+ {[%clk 01:06:01]} {[%emt 00:01:01]} Nxd7 {[%clk 01:08:01]} {[%emt
00:00:25]} 20. b3 {[%clk 01:03:49]} {[%emt 00:02:42]} Rc8 {[%clk 01:06:47]}
{[%emt 00:01:44]} 21. Rac1 {[%clk 01:01:19]} {[%emt 00:03:00]} Ke7 {[%clk
01:06:43]} {[%emt 00:00:34]} 22. Rcd1 {[%clk 00:58:50]} {[%emt 00:02:59]} e5
{[%clk 01:05:35]} {[%emt 00:01:38]} 23. Rf3 {[%clk 00:57:59]} {[%emt 00:01:21]}
Nc5 {[%clk 01:03:33]} {[%emt 00:02:32]} 24. Nxc5 {[%clk 00:56:59]} {[%emt
00:01:30]} Rxc5 {[%clk 01:03:21]} {[%emt 00:00:42]} 25. Rg3 {[%clk 00:55:59]}
{[%emt 00:01:29]} g5 {[%clk 01:02:50]} {[%emt 00:01:02]} 26. Rf1 {[%clk
00:52:59]} {[%emt 00:03:26]} Rc3 {[%clk 01:02:39]} {[%emt 00:00:44]} 27. Rgf3
{[%clk 00:51:40]} {[%emt 00:01:49]} Rxf3 {[%clk 01:02:51]} {[%emt 00:00:19]}
28. Rxf3 {[%clk 00:52:00]} {[%emt 00:00:10]} Rd8 {[%clk 01:03:09]} {[%emt
00:00:13]} 29. Rd3 {[%clk 00:51:48]} {[%emt 00:00:39]} Ke6 {[%clk 01:03:21]}
{[%emt 00:00:20]} 30. Kf2 {[%clk 00:51:52]} {[%emt 00:00:25]} f5 {[%clk
01:03:18]} {[%emt 00:00:33]} 31. exf5+ {[%clk 00:50:58]} {[%emt 00:01:25]} Kxf5
{[%clk 01:03:36]} {[%emt 00:00:12]} 32. Ke2 {[%clk 00:50:57]} {[%emt 00:00:29]}
e4 {[%clk 01:01:41]} {[%emt 00:02:26]} 33. Rh3 {[%clk 00:50:38]} {[%emt
00:00:50]} Rd6 {[%clk 01:00:57]} {[%emt 00:01:14]} 34. b4 {[%clk 00:48:54]}
{[%emt 00:02:14]} e3 {[%clk 00:59:31]} {[%emt 00:01:55]} 35. Kd3 {[%clk
00:48:32]} {[%emt 00:00:51]} g4 {[%clk 00:57:36]} {[%emt 00:02:23]} 36. Rh5+
{[%clk 00:48:31]} {[%emt 00:00:33]} Kg6 {[%clk 00:57:12]} {[%emt 00:00:56]} 37.
Rc5 {[%clk 00:47:33]} {[%emt 00:01:26]} Re6 {[%clk 00:55:49]} {[%emt 00:01:55]}
38. Rc2 {[%clk 00:46:47]} {[%emt 00:01:14]} h5 {[%clk 00:51:46]} {[%emt
00:04:34]} 39. Re2 {[%clk 00:46:18]} {[%emt 00:00:59]} Kf5 {[%clk 00:49:28]}
{[%emt 00:02:45]} 40. Kxd4 {[%clk 00:45:28]} {[%emt 00:01:24]} Ra6 {[%clk
00:48:20]} {[%emt 00:01:37]} 41. Kxe3 {[%clk 00:44:34]} {[%emt 00:01:24]} Re6+
{[%clk 00:48:29]} {[%emt 00:00:21]} 42. Kd3 {[%clk 00:44:50]} {[%emt 00:00:14]}
Rxe2 {[%clk 00:48:52]} {[%emt 00:00:07]} 43. Kxe2 {[%clk 00:45:12]} {[%emt
00:00:07]} Ke4 {[%clk 00:49:10]} {[%emt 00:00:13]} 44. h3 {[%clk 00:44:36]}
{[%emt 00:01:06]} g3 {[%clk 00:48:27]} {[%emt 00:01:14]} 45. a3 {[%clk
00:44:41]} {[%emt 00:00:25]} b5 {[%clk 00:45:34]} {[%emt 00:03:23]} 46. Kf1
{[%clk 00:44:10]} {[%emt 00:00:55]} Ke3 {[%clk 00:45:49]} {[%emt 00:00:21]} 47.
Ke1 {[%clk 00:44:22]} {[%emt 00:00:14]} Kd3 {[%clk 00:46:05]} {[%emt 00:00:18]}
48. Kf1 {[%clk 00:44:03]} {[%emt 00:00:47]} Kc3 {[%clk 00:46:19]} {[%emt
00:00:18]} 49. Ke2 {[%clk 00:44:00]} {[%emt 00:00:32]} Kb3 {[%clk 00:46:47]}
{[%emt 00:00:02]} 50. Kf3 {[%clk 00:44:12]} {[%emt 00:00:18]} Kxa3 {[%clk
00:47:15]} {[%emt 00:00:03]} 51. Kxg3 {[%clk 00:44:24]} {[%emt 00:00:17]} Kxb4
{[%clk 00:47:42]} {[%emt 00:00:04]} 52. Kh4 {[%clk 00:44:28]} {[%emt 00:00:25]}
a5 {[%clk 00:48:08]} {[%emt 00:00:05]} 53. g4 {[%clk 00:44:14]} {[%emt
00:00:43]} hxg4 {[%clk 00:48:30]} {[%emt 00:00:08]} 54. hxg4 {[%clk 00:44:32]}
{[%emt 00:00:12]} a4 {[%clk 00:48:59]} {[%emt 00:00:02]} 55. g5 {[%clk
00:44:55]} {[%emt 00:00:07]} a3 {[%clk 00:49:27]} {[%emt 00:00:03]} 56. g6
{[%clk 00:45:12]} {[%emt 00:00:12]} a2 {[%clk 00:49:32]} {[%emt 00:00:25]} 57.
g7 {[%clk 00:45:29]} {[%emt 00:00:12]} a1=Q {[%clk 00:49:56]} {[%emt 00:00:07]}
58. g8=Q {[%clk 00:45:46]} {[%emt 00:00:12]} Qh1 {[%clk 00:50:18]} {[%emt
00:00:07]} 59. Kg5 {[%clk 00:45:54]} {[%emt 00:00:23]} Qg2+ {[%clk 00:50:43]}
{[%emt 00:00:05]} 60. Kf6 {[%clk 00:45:58]} {[%emt 00:00:26]} Qxg8 {[%clk
00:50:59]} {[%emt 00:00:15]} 61. Ke7 {[%clk 00:45:50]} {[%emt 00:00:38]} Kc5
{[%clk 00:51:19]} {[%emt 00:00:09]} 62. Kf6 {[%clk 00:46:02]} {[%emt 00:00:18]}
Qe8 {[%clk 00:51:31]} {[%emt 00:00:18]} 63. Kf5 {[%clk 00:46:25]} {[%emt
00:00:07]} b4 {[%clk 00:51:56]} {[%emt 00:00:06]} 64. Kf6 {[%clk 00:46:39]}
{[%emt 00:00:15]} b3 {[%clk 00:52:22]} {[%emt 00:00:04]} 65. Kf5 {[%clk
00:47:06]} {[%emt 00:00:03]} b2 {[%clk 00:52:48]} {[%emt 00:00:05]} 66. Kf6
{[%clk 00:47:35]} {[%emt 00:00:01]} b1=Q {[%clk 00:53:07]} {[%emt 00:00:11]}
67. Kg7 {[%clk 00:47:55]} {[%emt 00:00:08]} Qe2 {[%clk 00:53:09]} {[%emt
00:00:27]} 68. Kf6 {[%clk 00:47:52]} {[%emt 00:00:35]} Qbf1+ {[%clk 00:53:34]}
{[%emt 00:00:05]} 69. Kg5 {[%clk 00:48:14]} {[%emt 00:00:08]} Qeg2 {[%clk
00:53:58]} {[%emt 00:00:06]} 70. Kh4 {[%clk 00:48:38]} {[%emt 00:00:06]} Qfh1+
{[%clk 00:54:23]} {[%emt 00:00:05]} 0-1